00366nam a2200097Ia 4500008004100000100003700041245008400078942000600162952008500168999001500253240331s9999 xx 000 0 und d aEmmanuel, S and Maunaguru, S. ed 0aPeralivukalukkup Pennkal Mugam Koduthal :bThennasiya Anubawangalum Sawaalkalum cL 001040708LaWERCLbWERCLcSSCd2024-03-31l0p6703r2024-03-31w2024-03-31yL c5743d5743